000 00722nam a2200241 4500
001 44894
010 _a9789720401366
021 _b225284/05
090 _a44894
100 _a20100302d20082005m y0pory5003 ba
101 0 _apor
102 _aPT
200 1 _aMemorial do convento [de] José Saramago
_eanálise da obra
_eensino secundário
_fConceicão Jacinto, Gabriela Lança
210 9 _aPorto
_cPorto Editora,
_d2008
215 _a96 p.
_d21 cm
225 2 _aEstudar português
604 _aSaramago,
_t-Memorial do convento
675 _a821.134.3-31Saramago, José.09(072)
_vBN
_zpor
675 _a82.09(07)
700 1 _aJacinto,
_bConcei—cão
701 1 _aLan—ca,
_bGabriela
_4070
801 0 _aPT
_bBN
_gRPC
990 _cLIVROS